000 00769nam a2200217Ii 4500
003 JO-AjNU
008 230605s9999||||xx |||||||||||||| ||und||
020 _a9953-32-101-9
040 _aJO-AjNU
_bara
_erda
_cJO-AjNU
041 _aara
050 1 4 _aPJ6106.G422.2008
100 3 _aتأليف الغلاييني، مصطفى ؛تحقيق علي سليمان شبارة,
_eauthor
_926288
245 0 0 _aجامع الدروس العربية مذيلا ببحثى البلاغة والعروض
250 _aط1
264 3 1 _aبيروت: مؤسسة الرسالة، 2008
300 _a804ص
336 _atext
_btxt
_2rdacontent
337 _aunmediated
_bn
_2rdamedia
338 _avolume
_bnc
_2rdacarrier
650 4 _aاللغة العربية -- النحو
_926289
999 _aA9942
_c13510
_d13510